La estructura múltiple de la cultura japonesa: repensando la cultura japonesa desde una perspectiva asiática
שמור ב:
| מחבר ראשי: | |
|---|---|
| מחברים אחרים: | |
| פורמט: | ספר |
| שפה: | אנגלית ספרדית |
| יצא לאור: |
Ciudad de México, México
El Colegio de México
2009
|
| מהדורה: | Primera edición |
| סדרה: | Centro de Estudios de Asia y África
|
| נושאים: | |
| תגים: |
הוספת תג
אין תגיות, היה/י הראשונ/ה לתייג את הרשומה!
|
MARC
| LEADER | 00000nam a22000007a 4500 | ||
|---|---|---|---|
| 003 | CL-VaPUC | ||
| 005 | 20250227154005.0 | ||
| 008 | 200225b ||||| |||| 00| 0 eng d | ||
| 999 | |c 416791 |d 416789 | ||
| 020 | |a 9786074620894 | ||
| 040 | |c Pontificia Universidad Católica de Valparaíso | ||
| 041 | 0 | |a spa | |
| 082 | |a 952 SAS 2009 | ||
| 100 | 1 | |a Sasaki, Komei |9 719766 | |
| 245 | 1 | 3 | |a La estructura múltiple de la cultura japonesa: |b repensando la cultura japonesa desde una perspectiva asiática |
| 250 | |a Primera edición | ||
| 260 | 3 | |a Ciudad de México, México |b El Colegio de México |c 2009 | |
| 300 | |a 328 p | ||
| 490 | 0 | |a Centro de Estudios de Asia y África | |
| 505 | |a Parte I. Introducción pensando en la formación de la cultura japonesa desde una perspectiva asiática. Parte II. Las culturas provenientes del sur, las culturas provenientes del norte. Parte III. En busca de la cultura agrícola y la cultura alimentaria en Asia Oriental. Acercamiento etnológico. Parte IV. Entre el cultivo del arroz y el no cultivo del arroz. Formación de la estructura múltiple de la cultura japonesa. | ||
| 583 | |c 20200225 |k Daniel Castañeda | ||
| 650 | 0 | 0 | |a Cultura japonesa |9 333979 |
| 650 | 0 | 0 | |a Vida social y costumbres |9 258725 |
| 700 | 1 | |a Meza, Virginia |e traductor |9 719767 | |
| 942 | |2 ddc |c BK | ||
| 952 | |0 0 |1 0 |2 ddc |4 0 |6 952_000000000000000_SAS_2009 |7 0 |8 A |9 551463 |a BIBGIM |b BIBGIM |d 2020-02-25 |i 5614724 |o 952 SAS 2009 |p 5614724 |r 2025-01-15 |t 1 |w 2020-02-25 |y BK |k ORI | ||